Central Library OPAC University of Rajshahi

প্রখ্যাত মহিলা বিজ্ঞানী / (Record no. 54558)

MARC details
000 -LEADER
fixed length control field 00912nam a2200229 a 4500
001 - CONTROL NUMBER
control field 54558
003 - CONTROL NUMBER IDENTIFIER
rucl marc code BD-RjUL
005 - DATE AND TIME OF LATEST TRANSACTION
control field 20211209080134.0
008 - FIXED-LENGTH DATA ELEMENTS--GENERAL INFORMATION
fixed length control field 161107s1968 bg ||||| |||| 00| 0 ben d
035 ## - SYSTEM CONTROL NUMBER
System control number (BD-RjUL)54680
040 ## - CATALOGING SOURCE
Original cataloging agency BD-RjUL
Language of cataloging ben
Transcribing agency BD-RjUL
041 ## - LANGUAGE CODE
Language code of text/sound track or separate title ben
082 ## - DEWEY DECIMAL CLASSIFICATION NUMBER
Edition number 23
Classification number 509.22
Author mark and year YOP 1968
100 1# - MAIN ENTRY--PERSONAL NAME
Personal name ইয়স্ট, এড্‌না
9 (RLIN) 162742
245 10 - TITLE STATEMENT
Title প্রখ্যাত মহিলা বিজ্ঞানী /
Statement of responsibility, etc. এড্‌না ইয়স্ট, অনুবাদ : হাবিবুর রহমান
260 ## - PUBLICATION, DISTRIBUTION, ETC. (IMPRINT)
Place of publication, distribution, etc. ঢাকা :
Name of publisher, distributor, etc. নওরোজ কিতাবিতান,
Date of publication, distribution, etc. ১৯৬৮.
300 ## - PHYSICAL DESCRIPTION
Pagination ১৮৪ পৃ. ;
Size ২১ সেমি.
650 ## - SUBJECT ADDED ENTRY--TOPICAL TERM
Topical term or geographic name as entry element নারী বিজ্ঞানী.
9 (RLIN) 162743
Topical term or geographic name as entry element Women scientists.
9 (RLIN) 162744
700 ## - ADDED ENTRY--PERSONAL NAME
Personal name রহমান, হাবিবুর : অনুবাদ
942 ## - ADDED ENTRY ELEMENTS (KOHA)
Source of classification or shelving scheme Dewey Decimal Classification
Koha item type Books
Holdings
Lost status Source of classification or shelving scheme Damaged status Not for loan Collection code Permanent Location Current Location Shelving location Date acquired Source of acquisition Cost, normal purchase price Total Checkouts Full call number Date last seen Copy number Koha item type
  Dewey Decimal Classification     Non-fiction Central Library, University of Rajshahi Central Library, University of Rajshahi   29/01/1969 Franklin, Dhaka. 4.25   B 509.22 YOP 1968 07/11/2016 C-2 Books
  Dewey Decimal Classification   Not For Loan Non-fiction Central Library, University of Rajshahi Central Library, University of Rajshahi Reading Room 29/01/1969 Franklin, Dhaka. 4.25   B 509.22 YOP 1968 13/05/2017 C-1 Books